| 000 | 00403nam a22001697a 4500 | ||
|---|---|---|---|
| 003 | OSt | ||
| 005 | 20211011154036.0 | ||
| 008 | 211011b |||||||| |||| 00| 0 eng d | ||
| 040 | _cHAWASSA UNIVERSITY | ||
| 050 |
_a575.1/BON _b1 |
||
| 082 |
_a575.1/BON _b1 |
||
| 100 |
_aBONNER DAVID M. _912498 |
||
| 245 | _aHEREDITY | ||
| 260 |
_aHELL IRC _bNEW JERSEY _c1961 |
||
| 300 | _a112 | ||
| 942 |
_2ddc _cBOOKS _n0 |
||
| 999 |
_c11550 _d11550 |
||